| 000 | 00947cam a2200241 4500 | ||
|---|---|---|---|
| 001 | WB3546-14 | ||
| 008 | 000000n1999 000 0 eng u | ||
| 035 | _a(Sirsi) u102629 | ||
| 245 | _aCanary Wharf benefits as project nears fruition | ||
| 260 | _c1999 | ||
| 490 |
_aWeekend Financial Times _v 20/21 November 1999, 13(1) |
||
| 520 | _aData from Investment Property Databank shows within the last two years there has been a vast improvement in both capital values and rental values of commercial properties along the Jubilee Extension Line. Rents at Canary Wharf have approximately doubled since 1994/1995. | ||
| 590 | _aWB | ||
| 650 | _aCANARY WHARF | ||
| 650 | _aJUBILEE LINE EXTENSION | ||
| 650 | _aCAPITAL VALUES | ||
| 650 | _aRENTAL VALUES | ||
| 650 | _aPROPERTY VALUES | ||
| 650 | _aLONDON | ||
| 650 | _aPUBLIC TRANSPORT | ||
| 690 | _aPROPERTY-COMMERCIAL PROPERTY-COMMERCIAL PROPERTY FINANCE AND INVESTMENT | ||
| 942 | _n0 | ||
| 999 |
_c61624 _d61624 |
||